Nueva Revista de Filología Hispánica

Gorde:
Xehetasun bibliografikoak
Formatua: Liburua
Gaiak:
Etiketak: Etiketa erantsi
Etiketarik gabe, Izan zaitez lehena erregistro honi etiketa jartzen!

MARC

LEADER 00000nam^a2200000^u^4500
001 000545082
005 20250521000000.0
008 060220s1000^^^^^^^^^^^^r^^^^^000^0^spa^d
009 20260310131341.46
035 |a FMI 000014444 
037 |a Acervo Xavier Clavigero 
096 |a 9.1/7/D 
245 0 0 |a Nueva Revista de Filología Hispánica 
264 |a México : El Colegio de México. Centro de Estudios Lingüísticos y Literarios, 1980 
300 |a x, 245-702 
336 |a texto  |b txt  |2 rdacontenido 
337 |a sin mediación  |b n  |2 rdamedio 
338 |a volumen  |b nc  |2 rdasoporte 
597 |a Tomo XXIX, 1980, Núm. 2. 
649 |a XX 
650 |a LITERATURA 
910 |a Fondo Francisco Migoya Covarrubias S.J. 
920 |a Impresos - Libros 
930 |a Fondos Especiales 
905 |a 134 
901 |a SBC02707  |b IT2  |c ESP  |u 20250521 
902 |a https://opac.biblio.iteso.mx/vufind/Record/000545082